| 000 | 00409nam a22001337a 4500 | ||
|---|---|---|---|
| 999 |
_c7724 _d7724 |
||
| 005 | 20190313102653.0 | ||
| 008 | 190313b ||||| |||| 00| 0 eng d | ||
| 022 | _a978999362699 | ||
| 082 | _a315.498 N27t 2018 | ||
| 245 |
_a2017 population & housing census of Bhutan ; _bWangdue Dzaongkhag |
||
| 260 |
_aThimphu : _bNational Statisitcs Bureau. _c2018. |
||
| 300 |
_aviii, 75 p. _c24 cm. |
||
| 942 |
_2ddc _cPERIODICAL |
||